000
00268nam a22001217a 4500
008
260220b ||||| |||| 00| 0 eng d
041
_a
Shqip
080
_a
2.10
100
_a
20.1
101
_a
roman
245
_a
Plagë dhe Lumturi
_c
Sylë Dreshaj
942
_2
udc
_c
BK
999
_c
60831
_d
60831